|
|
|
|
| LEADER |
00000nam0a2200000 4500 |
| 001 |
115922 |
| 005 |
20240914063123.0 |
| 010 |
|
|
|a 5265021728
|
| 020 |
|
|
|a RU
|b 91-45516
|
| 035 |
|
|
|a (RuTPU)RU\TPU\book\125426
|
| 090 |
|
|
|a 115922
|
| 100 |
|
|
|a 20070516d1991 m y0rusy5003 ca
|
| 101 |
0 |
|
|a rus
|
| 102 |
|
|
|a RU
|
| 105 |
|
|
|a c z 000ad
|
| 200 |
1 |
|
|a В тихом омуте; Статьи и исследования разных лет
|f Д. С. Мережковский
|g сост. Е. Я. Данилов
|
| 210 |
|
|
|a Москва
|c Советский писатель
|d 1991
|
| 215 |
|
|
|a 496 с.
|c портр.
|d 21 см
|
| 327 |
0 |
|
|a В кн. также: Мережковский: Силуэт / А. Белый. Памяти Мережковского. 100 лет / Б. Зайцев
|
| 600 |
|
1 |
|a Пушкин
|b А. С.
|c российский поэт
|c писатель
|f 1799-1837
|g Александр Сергеевич
|7 ca
|8 rus
|2 stltpush
|3 (RuTPU)RU\TPU\pers\1026
|9 453
|
| 600 |
|
1 |
|a Гоголь
|g Николай Васильевич
|b Н. В.
|c русский писатель
|f 1809-1852
|2 stltpush
|3 (RuTPU)RU\TPU\pers\1036
|
| 600 |
|
1 |
|a Достоевский
|g Федор Михайлович
|f 1821-1881
|c русский писатель
|b Ф. М.
|2 stltpush
|3 (RuTPU)RU\TPU\pers\1038
|
| 600 |
|
1 |
|a Лермонтов
|g Михаил Юрьевич
|c русский поэт
|f 1814-1841
|c писатель
|b М. Ю.
|2 stltpush
|3 (RuTPU)RU\TPU\pers\1023
|
| 600 |
|
1 |
|a Некрасов
|g Николай Алексеевич
|b Н. А.
|c русский поэт
|f 1821-1877/1878
|2 stltpush
|3 (RuTPU)RU\TPU\pers\331
|
| 600 |
|
1 |
|a Тютчев
|b Ф. И.
|g Федор Иванович
|c русский поэт
|f 1803-1873
|2 stltpush
|3 (RuTPU)RU\TPU\pers\4088
|
| 600 |
|
1 |
|a Толстой
|g Лев Николаевич
|f 1829-1910
|c граф
|c русский писатель
|c член-корреспондент, почетный академик Петербургской АН
|b Л. Н.
|2 stltpush
|3 (RuTPU)RU\TPU\pers\497
|
| 610 |
1 |
|
|a русская литература
|
| 610 |
1 |
|
|a сборники
|
| 610 |
1 |
|
|a статьи
|
| 610 |
1 |
|
|a Россия
|
| 675 |
|
|
|a Р1
|z rus
|
| 700 |
|
1 |
|a Мережковский
|b Д. С.
|c русский писатель
|c религиозный философ
|c поэт
|f 1865-1941
|g Дмитрий Сергеевич
|2 stltpush
|3 (RuTPU)RU\TPU\pers\1229
|9 550
|
| 702 |
|
1 |
|a Данилов
|b Е. Я.
|4 220
|
| 801 |
|
0 |
|a RU
|b RuMRKP
|c 19950417
|g psbo
|
| 801 |
|
1 |
|a RU
|b 63413507
|c 20070516
|g PSBO
|
| 801 |
|
2 |
|a RU
|b 63413507
|c 20070820
|g PSBO
|
| 942 |
|
|
|c BK
|